Statistics for Premier League Portuguese Best Scorer by Year

Click here to take the quiz!

General Stats

  • This quiz has been taken 299 times
  • The average score is 5 of 17

Answer Stats

Scorer% Correct
Cristiano Ronaldo
99%
Bruno Fernandes
98%
Bernardo Silva
88%
Nani
84%
Diogo Jota
64%
José Fonte
45%
Luís Boa Morte
24%
Ricardo Vaz Tê
12%
Abel Xavier
9%
Nélson Oliveira
6%
Dani
5%
Hugo Viana
5%
José Dominguez
3%
Silvestre Varela
3%
Bruno Ribeiro
2%
Hélder
2%
Hugo Porfírio
1%

Score Distribution

Percentile by Number Answered

Percent of People with Each Score

Your Score History

You have not taken this quiz